| 000 | 00373nam a2200169Ia 4500 | ||
|---|---|---|---|
| 008 | 210210b1919 xxu||||| |||| 00| 0 eng d | ||
| 041 | _aeng | ||
| 082 | _a821/782 | ||
| 100 | _a_ | ||
| 245 | _aGeorgian Poetry 1918-1919 | ||
| 260 |
_aLondon _b- _c1919 |
||
| 650 | _aPoetry | ||
| 650 | _aGeorgian | ||
| 650 | _a1918-1919 | ||
| 690 | _aEnglish Poetry | ||
| 906 | _a011948 | ||
| 999 |
_c130686 _d130686 |
||